000 00546nam a22002177a 4500
003 0
005 20220114142539.0
008 0
010 _a0
015 _a0
020 _a0321186508
040 _c0
050 0 0 _aT385
_b.C6781 2003
100 1 _aCohen, Sandee,
245 1 0 _aMacromedia Freehand MX for Windows and Macintosh /
_cSandee Cohen.
260 _aBerkeley, Calif. :
_bPeachpit Press,
_cc2003.
300 _axiv, 466 pages :
_billustrations ;
_c23 cm.
504 _aIncludes index.
650 0 _aComputer graphics.
942 _2lcc
_cR
999 _c3544
_d3544